Ingeniería de ríos
Gorde:
| Egile nagusia: | |
|---|---|
| Formatua: | Liburua |
| Argitaratua: |
México, D.F. : Alfaomega
c2003.
|
| Gaiak: | |
| Etiketak: |
Etiketa erantsi
Etiketarik gabe, Izan zaitez lehena erregistro honi etiketa jartzen!
|
MARC
| LEADER | 00000nam a2200000Ia 4500 | ||
|---|---|---|---|
| 003 | 000005 | ||
| 005 | 20221231144016.0 | ||
| 008 | 140114s2003 m a 000 ||s d | ||
| 040 | |c cru CEDI | ||
| 082 | |a 627.12 M381i | ||
| 100 | |a Martín Vide, Juan P, 1959 |9 18856 | ||
| 245 | |a Ingeniería de ríos | ||
| 260 | |a México, D.F. : Alfaomega |c c2003. | ||
| 300 | |a 331 páginas : ilustraciones, mapas. | ||
| 650 | |x INGENIERÍA HIDRAÚLICA |x HIDRAULICA |9 18857 | ||
| 942 | |2 ddc |c BK | ||
| 999 | |c 15562 |d 15562 | ||
